[Event "GER-chT Betriebe 16th"]
[Site "Dresden"]
[Date "2016.11.04"]
[Round "3.4"]
[White "Dreisbach, Kai"]
[Black "Junker, Carsten"]
[Result "0-1"]
[WhiteElo "1500"]
[BlackElo "1570"]
[PlyCount "56"]
[EventDate "2016.11.03"]
[EventType "team-swiss"]
[EventRounds "7"]
[EventCountry "GER"]
[SourceTitle "EXT 2020"]
[Source "ChessBase"]
[SourceDate "2019.10.17"]
[SourceVersion "1"]
[SourceVersionDate "2019.10.17"]
[SourceQuality "1"]
[WhiteTeam "Stuttgart Sparkassen-Vers II"]
[BlackTeam "Hamburg Baubehoerde II"]
[WhiteTeamCountry "GER"]
[BlackTeamCountry "GER"]

1. e4 d5 2. e5 d4 3. d3 Nc6 4. Bf4 Qd5 5. Qe2 h6 6. h3 g5 7. Bg3 Bg7 8. e6 Qb5 9. Nd2 Bxe6 10. Ngf3 Nb4 11. Qd1 Qc5 12. c4 dxc3 13. bxc3 Bxc3 14. a3 Qa5 15. axb4 Qxa1 16. Qxa1 Bxa1 17. Bxc7 Rc8 18. Be5 Bxe5 19. Nxe5 Rc1+ 20. Ke2 Nf6 21. d4 0-0 22. h4 Rd8 23. hxg5 hxg5 24. Kd3 Bf5+ 25. Ke3 Nd5+ 26. Kf3 Rc3+ 27. Ke2 Nf4+ 28. Kd1 Rxd4 0-1

[Event "GER-chT Betriebe 16th"]
[Site "Dresden"]
[Date "2016.11.03"]
[Round "2.4"]
[White "Junker, Carsten"]
[Black "Achermann, Didier"]
[Result "0-1"]
[WhiteElo "1570"]
[BlackElo "1843"]
[PlyCount "94"]
[EventDate "2016.11.03"]
[EventType "team-swiss"]
[EventRounds "7"]
[EventCountry "GER"]
[SourceTitle "EXT 2020"]
[Source "ChessBase"]
[SourceDate "2019.10.17"]
[SourceVersion "1"]
[SourceVersionDate "2019.10.17"]
[SourceQuality "1"]
[WhiteTeam "Hamburg Baubehoerde II"]
[BlackTeam "Muenchen Europ Patentamt II"]
[WhiteTeamCountry "GER"]
[BlackTeamCountry "GER"]

1. a3 Nf6 2. d4 g6 3. Bg5 Bg7 4. Nf3 0-0 5. e3 d6 6. Bd3 c5 7. 0-0 b6 8. c4 Nbd7 9. Nc3 Bb7 10. d5 a6 11. b4 h6 12. Bxf6 Bxf6 13. Qc2 Ne5 14. Nxe5 Bxe5 15. f4 Bg7 16. f5 cxb4 17. axb4 g5 18. Rac1 Be5 19. Rf3 Rc8 20. Rh3 Kg7 21. Qe2 b5 22. Qh5 Rh8 23. Ne2 bxc4 24. Bxc4 Qb6 25. Ba2 Rxc1+ 26. Nxc1 a5 27. bxa5 Qxa5 28. Qe2 Ba6 29. Bc4 Bxc4 30. Qxc4 Rc8 31. Nb3 Qe1+ 32. Qf1 Qc3 33. Qd1 Qb2 34. Qh5 Qb1+ 35. Kf2 Rc2+ 36. Kf3 Qf1+ 37. Ke4 Rc4+ 38. Nd4 Qxg2+ 39. Kd3 Qf1+ 40. Ke4 Qb1+ 41. Kf3 Qh1+ 42. Kf2 Ra4 43. Qxh6+ Kg8 44. Qxg5+ Kf8 45. Ne2 Ra2 46. f6 Bxf6 47. Qf5 Qc1 0-1

[Event "GER-chT Betriebe 15th"]
[Site "Munich"]
[Date "2015.10.25"]
[Round "7.2"]
[White "Junker, Carsten"]
[Black "Meister, Bernd Holger"]
[Result "1/2-1/2"]
[WhiteElo "1700"]
[BlackElo "1819"]
[PlyCount "31"]
[EventDate "2015.10.22"]
[EventType "team-swiss"]
[EventRounds "7"]
[EventCountry "GER"]
[SourceTitle "EXT 2020"]
[Source "ChessBase"]
[SourceDate "2019.10.17"]
[SourceVersion "1"]
[SourceVersionDate "2019.10.17"]
[SourceQuality "1"]
[WhiteTeam "Deutsches Patent und Markenamt"]
[BlackTeam "Hamburg Transit"]
[WhiteTeamCountry "GER"]
[BlackTeamCountry "GER"]

1. a3 e5 2. d4 exd4 3. Nf3 Nc6 4. Nxd4 Qf6 5. Nf3 h6 6. Nc3 d6 7. Nd5 Qd8 8. b4 Be6 9. Bb2 Bxd5 10. Qxd5 Nf6 11. Qb5 Rb8 12. Nd4 Qd7 13. Nxc6 Qxc6 14. Qxc6+ bxc6 15. Bxf6 gxf6 16. g3 1/2-1/2

[Event "GER-chT Betriebe 15th"]
[Site "Munich"]
[Date "2015.10.23"]
[Round "6.2"]
[White "Kettenburg, Stefan"]
[Black "Junker, Carsten"]
[Result "1-0"]
[WhiteElo "2063"]
[BlackElo "1700"]
[PlyCount "25"]
[EventDate "2015.10.22"]
[EventType "team-swiss"]
[EventRounds "7"]
[EventCountry "GER"]
[SourceTitle "EXT 2020"]
[Source "ChessBase"]
[SourceDate "2019.10.17"]
[SourceVersion "1"]
[SourceVersionDate "2019.10.17"]
[SourceQuality "1"]
[WhiteTeam "Berlin Tempelhof"]
[BlackTeam "Deutsches Patent und Markenamt"]
[WhiteTeamCountry "GER"]
[BlackTeamCountry "GER"]

1. d4 Nf6 2. c4 g6 3. Nc3 d5 4. cxd5 Nxd5 5. e4 Nxc3 6. bxc3 Bg7 7. Bc4 0-0 8. Ne2 c5 9. 0-0 cxd4 10. cxd4 Nc6 11. Be3 a6 12. Rc1 b5 13. Bd5 1-0